Largest Countries by Continent A-Z - Statistics

General Stats
  • This quiz has been taken 4,354 times
    4,019 since last reset
  • The average score is 57 of 84
Answer Stats
Continent Letter Country % Correct
Oceania A Australia
93%
Africa A Algeria
91%
South America A Argentina
91%
South America B Brazil
91%
Asia C China
88%
North America C Canada
87%
Europe F France
85%
Europe R Russia
84%
Europe G Germany
83%
Asia I India
83%
South America C Colombia
82%
North America U United States
81%
Africa D D.R. Congo
78%
South America E Ecuador
77%
Oceania F Fiji
77%
North America A Antigua & Barbuda
75%
Asia K Kazakhstan
75%
South America P Peru
75%
North America D Dominican Republic
74%
Africa E Ethiopia
74%
Europe I Italy
74%
Asia J Japan
74%
North America M Mexico
74%
Europe D Denmark
73%
South America G Guyana
73%
North America H Honduras
73%
North America J Jamaica
73%
Asia Y Yemen
73%
Asia O Oman
72%
Europe U Ukraine
72%
South America V Venezuela
72%
Africa Z Zambia
72%
Asia A Afghanistan
71%
Europe A Austria
71%
Europe B Belarus
71%
Africa C Chad
71%
Oceania K Kiribati
71%
Oceania N New Zealand
70%
Europe P Poland
70%
Europe S Spain
70%
North America G Guatemala
69%
South America U Uruguay
69%
North America B Bahamas
68%
Europe H Hungary
68%
Africa K Kenya
68%
Africa N Niger
68%
Asia Q Qatar
68%
Asia M Mongolia
67%
Europe N Norway
67%
Africa L Libya
66%
Africa M Mali
66%
Europe E Estonia
65%
Africa R R. Congo
65%
Oceania V Vanuatu
65%
Africa B Botswana
64%
North America E El Salvador
64%
North America N Nicaragua
63%
Africa S Sudan
63%
Africa U Uganda
63%
Europe K Kosovo
62%
Asia P Pakistan
62%
North America P Panama
62%
Oceania P P.N.G.
62%
South America S Suriname
62%
Europe V Vatican City
61%
Asia V Vietnam
61%
Europe L Lithuania
60%
Oceania M Marshall Islands
58%
Oceania S Solomon Islands
58%
Oceania T Tonga
58%
Asia T Turkey
58%
Asia L Laos
57%
Asia U Uzbekistan
57%
Africa T Tanzania
56%
Asia S Saudi Arabia
55%
Asia B Bangladesh
53%
North America T Trinidad & Tobago
52%
Africa G Guinea
49%
North America S Saint Lucia
45%
Asia N Nepal
43%
Asia G Georgia
42%
Asia E East Timor
41%
Europe M Moldova
41%
Europe C Czech Republic
39%
No matching quizzes found
Score Distribution
Percent of People with Each Score
Percentile by Number Answered
Your Score History
You have not taken this quiz since the last reset